000
00312 a2200121 4500
000
nam a22 7a 4500
005
20260410120912.0
020
_a
9780670099900
100
_a
Rana Preet Gill
_9
1234645
245
_a
The Ghadar Movement: A Forgotten Struggle
260
_b
Penguin Books
_c
2025
942
_c
TEXL
999
_c
1848216
_d
1848216